Countries With Most Troops In WW2 - Statistics

General Stats
  • This quiz has been taken 55 times
  • The average score is 20 of 25
Answer Stats
Answer # % Correct
Germany 18,100,000
100%
Italy 9,100,000
100%
United Kingdom 5,896,000
100%
Japan 9,100,000
98%
China 14,000,000
95%
France 5,000,000
95%
Soviet Union 34,476,000
95%
United States 16,354,000
95%
Canada 1,100,000
93%
Poland 2,000,000
91%
Australia 1,000,000
86%
India 2,851,000
84%
Netherlands 400,000
84%
Belgium 600,000
82%
Greece 540,000
82%
Yugoslavia 1,500,000
82%
Romania 2,000,000
80%
Hungary 600,000
77%
Norway 90,000
75%
Bulgaria 450,000
73%
Finland 650,000
70%
New Zealand 204,000
66%
Czechoslovakia 80,000
57%
South Africa 330,000
43%
Croatia 200,000
11%
No matching quizzes found
Score Distribution
Percent of People with Each Score
Percentile by Number Answered
Your Score History
You have not taken this quiz